[Event "Montecatini Terme op 8th"]
[Site "Montecatini Terme"]
[Date "1999.08.06"]
[Round "7"]
[White "Zaitsev, Vadim"]
[Black "Ortega, Lexy"]
[Result "1-0"]
[WhiteElo "2411"]
[BlackElo "2499"]

1.Nf3 d5 2.g3 c6 3.Bg2 Bg4 4.d3 Nd7 5.O-O Ngf6 6.Nbd2 e6 7.e4 Be7 8.h3 Bh5
9.Qe1 O-O 10.e5 Ne8 11.Nh2 Nc7 12.f4 f5 13.exf6 Bxf6 14.Ndf3 a5 15.Ng4 Bxg4
16.hxg4 g6 17.g5 Bg7 18.d4 Qe7 19.c3 a4 20.Bd2 Nb5 21.Qe3 Nd6 22.Rae1 Rfe8
23.Bc1 c5 24.dxc5 Nf5 25.Qf2 Nxc5 26.g4 Ne4 27.gxf5 Nxf2 28.f6 Qc7 29.Kxf2 a3
30.b4 Qxc3 31.fxg7 d4 32.Rd1 Rad8 33.Rfe1 Qxb4 34.Rd3 Qc4 35.Red1 Qxa2+ 36.R1d2 Qc4
37.Bxa3 b5 38.Ne5 Qa4 39.Bc6 Re7  1-0

[Event "BCF-ch 86th"]
[Site "Scarborough"]
[Date "1999.08.06"]
[Round "6"]
[White "Conquest, Stuart"]
[Black "Wells, Peter K"]
[Result "0-1"]
[WhiteElo "2555"]
[BlackElo "2476"]

1.Nf3 d5 2.g3 c6 3.Bg2 Bg4 4.b3 Nf6 5.Bb2 e6 6.d3 Qa5+ 7.c3 Nbd7 8.O-O Be7
9.Nbd2 O-O 10.Qc2 b5 11.e4 Qb6 12.Rab1 a5 13.Ba1 Rfd8 14.c4 dxe4 15.dxe4 Bb4
16.Bd4 Bc5 17.Ba1 b4 18.h3 Bh5 19.Rbe1 Bg6 20.Re2 Qc7 21.Kh1 h6 22.Qc1 a4
23.e5 Nh5 24.Nh4 Bd3 25.Bf3 Bxe2 26.Bxe2 Nxe5 27.Bxh5 Nd3 28.Qc2 g6 29.Bf3 Bxf2
30.Ne4 Bd4 31.Be2 Bxa1 32.Rxa1 Ne5 33.Rf1 axb3 34.axb3 Qe7 35.Nf6+ Kh8 36.Qb2 Ra5
37.Qc1 Kg7 38.Ne4 f5 39.Nf2 Qg5  0-1

[Event "Scandic Hotels CC (Women)"]
[Site "Stockholm"]
[Date "1999.08.06"]
[Round "7"]
[White "Shour, Janna"]
[Black "Rubene, Ilze"]
[Result "1/2-1/2"]
[WhiteElo "2234"]
[BlackElo "2187"]

1.Nf3 d5 2.g3 g6 3.Bg2 Bg7 4.O-O e5 5.d3 Ne7 6.Nbd2 h6 7.e4 c6 8.Re1 Qc7
9.d4 exd4 10.exd5 O-O 11.Nb3 Nxd5 12.Nfxd4 Qd8 13.c4 Nb6 14.c5 Nd5 15.Nb5 Na6
16.Nd6 Nxc5 17.Nxc8 Nxb3 18.Qxb3 Qxc8 19.Bxd5 cxd5 20.Qxd5 Rd8 21.Qb3 Rd7
22.Bf4  1/2-1/2

[Event "MK Cafe Cup-A"]
[Site "Koszalin"]
[Date "1999.08.07"]
[Round "5"]
[White "Stryjecki, Marek"]
[Black "Teske, Henrik"]
[Result "1/2-1/2"]
[WhiteElo "2448"]
[BlackElo "2515"]

1.g3 d5 2.Nf3 Bg4 3.Bg2 Nd7 4.c4 dxc4 5.Na3 c6 6.Nxc4 Ngf6 7.d4 g6 8.Nce5 Nxe5
9.Nxe5 Be6 10.O-O Bg7 11.Qc2 O-O 12.Rd1 Qb6 13.e4 Rfd8 14.Nf3 c5 15.d5 Bg4
16.h3 Bxf3 17.Bxf3 Nd7 18.Bg2 Bd4 19.Kh2 Rac8 20.f4 e6 21.dxe6 Qxe6 22.e5 b5
23.Bd2 Nb6 24.Ba5 Kh8 25.h4 f5 26.exf6  1/2-1/2

[Event "MK Cafe Cup-B"]
[Site "Koszalin"]
[Date "1999.08.08"]
[Round "6"]
[White "Khasin, Alexander"]
[Black "Kozlowski, Waldemar"]
[Result "1-0"]
[WhiteElo "2511"]
[BlackElo "2352"]

1.g3 d5 2.Nf3 Bg4 3.Bg2 Nd7 4.c4 e6 5.cxd5 exd5 6.O-O Ngf6 7.d3 c6 8.Qc2 Bc5
9.Nbd2 O-O 10.Nb3 Bd6 11.e4 Re8 12.Nfd4 a5 13.a4 dxe4 14.dxe4 Be6 15.Rd1 Bxb3
16.Nxb3 Qe7 17.Nd4 Bb4 18.Be3 Qc5 19.Qb3 Qh5 20.f3 Nc5 21.Qc2 Ncxe4 22.fxe4 Ng4
23.Bf3 Nxe3 24.Bxh5 Nxc2 25.Nxc2 Bc5+ 26.Kg2 Rxe4 27.b3 g6 28.Bf3 Re7 29.Re1 Rc7
30.Rad1 Rb8 31.Re5 b6 32.Ne1 Ba3 33.Be2 Bb2 34.Re4 b5 35.Nd3 Ba3 36.Rg1 Bf8
37.axb5 Rxb5 38.Nc1 Rb8 39.Bc4 Bb4 40.Nd3 Bc3 41.Rc1 Bd2 42.Rc2 Bh6 43.Ra2 Ra7
44.Ne5 Re8 45.Nxc6 Rxe4 46.Nxa7  1-0

[Event "MK Cafe Cup-B"]
[Site "Koszalin"]
[Date "1999.08.08"]
[Round "6"]
[White "Forintos, Gyozo V"]
[Black "Barglowski, Filip"]
[Result "1-0"]
[WhiteElo "2343"]
[BlackElo "2143"]

1.Nf3 d5 2.g3 Bg4 3.Bg2 c6 4.O-O Nf6 5.d3 Nbd7 6.Nbd2 e5 7.h3 Bxf3 8.Nxf3 Bd6
9.c3 O-O 10.Qc2 e4 11.Nd4 Re8 12.Nf5 Bc5 13.b4 Bf8 14.Bf4 exd3 15.exd3 Ne5
16.Rfe1 Ng6 17.Bg5 Rxe1+ 18.Rxe1 h6 19.Bd2 Qd7 20.Nd4 Re8 21.Rxe8 Qxe8 22.Qd1 Qe5
23.Qf3 Bxb4 24.Nxc6 bxc6 25.cxb4 Qa1+ 26.Kh2 Qxa2 27.Bc3 Nd7 28.Qe3 Qc2 29.Ba1 Ndf8
30.Qd4 Ne6 31.Qxa7 Ngf8 32.Qa8 Qb1 33.Be5 Qxb4 34.Qxc6 d4 35.h4 Qe1 36.f4 Qd2
37.Qf3 Nc5 38.Bd6 Nfd7 39.Qa8+ Kh7 40.Qd5 Ne6 41.Be7 Nf6 42.Bxf6 gxf6 43.f5 Ng7
44.Qxf7 h5 45.Qg6+ Kh8 46.Qxf6 Qf2 47.Qf8+ Kh7 48.f6 Qxg3+ 49.Kxg3 Nf5+ 50.Kf4 Nh6  1-0

[Event "Scandic Hotels CC (Women)"]
[Site "Stockholm"]
[Date "1999.08.08"]
[Round "9"]
[White "Shour, Janna"]
[Black "Berg, Susanne"]
[Result "1/2-1/2"]
[WhiteElo "2234"]
[BlackElo "2062"]

1.Nf3 d5 2.g3 Nf6 3.Bg2 Bg4 4.O-O e6 5.d3 Nbd7 6.Nbd2 c6 7.c4 Bd6 8.b3 a5
9.a3 h6 10.Bb2 O-O 11.e4 e5 12.cxd5 cxd5 13.exd5 Nxd5 14.Nc4 Bc7 15.Re1 Re8
16.h3 Bh5 17.Qc2 Rc8 18.Rad1 b5 19.Ncd2 Bb6 20.Qb1 Nc3 21.Bxc3 Rxc3 22.Ne4 Rc6
23.Rc1 Rxc1 24.Rxc1 Qe7 25.b4 f5 26.Nc3 e4 27.Re1 Bxf3 28.Bxf3 Ne5 29.Bg2 Nxd3
30.Re2 axb4 31.Nd5 Qd8 32.Nxb4 Nxb4 33.axb4 Qd4 34.Qb3+ Kh8 35.Qf7 Qe5 36.g4 e3
37.f4 Qe6 38.Qxf5 Qxf5 39.gxf5 Rd8 40.Bc6 Rd1+ 41.Kg2 Rb1 42.Bxb5 Rxb4 43.Be8 Rxf4
44.Bg6 Rf2+ 45.Rxf2 exf2  1/2-1/2

[Event "Budapest FS08 IM"]
[Site "Budapest"]
[Date "1999.08.10"]
[Round "4"]
[White "Serrer, Christoph"]
[Black "Bottino, Alexei"]
[Result "1/2-1/2"]
[WhiteElo "2257"]
[BlackElo "2207"]

1.Nf3 d5 2.g3 e6 3.Bg2 Bd6 4.O-O Nf6 5.c4 O-O 6.b3 Qe7 7.d4 c6 8.Nbd2 Nbd7
9.Qc2 Re8 10.e4 dxe4 11.Nxe4 Nxe4 12.Qxe4 e5 13.Bg5 Qf8  1/2-1/2

[Event "BCF-ch 86th"]
[Site "Scarborough"]
[Date "1999.08.10"]
[Round "9"]
[White "Simons, Martin"]
[Black "Waters, Clive L"]
[Result "1/2-1/2"]
[WhiteElo "2264"]
[BlackElo "2158"]

1.Nf3 d5 2.g3 Nf6 3.Bg2 g6 4.O-O Bg7 5.c4 c6 6.cxd5 cxd5 7.d4 O-O 8.Qb3 Nc6
9.Nc3 Na5 10.Qd1 Ne4 11.Nxe4 dxe4 12.Ng5 Bxd4 13.Nxe4 Qb6 14.Nc3 Be6 15.Na4 Qd8
16.Bh6 Re8 17.Bd2 Nc4 18.Bc3 Bxc3 19.Nxc3 Qxd1 20.Rfxd1 Nxb2 21.Rdb1 Rac8
22.Rxb2 Rxc3 23.Rxb7 Ra3  1/2-1/2

[Event "BCF-ch 86th"]
[Site "Scarborough"]
[Date "1999.08.10"]
[Round "9"]
[White "Cobb, James"]
[Black "Palliser, Richard"]
[Result "1/2-1/2"]
[WhiteElo "2349"]
[BlackElo "2253"]

1.Nf3 d5 2.g3 Nf6 3.Bg2 c5 4.c4 e6 5.O-O Nc6 6.cxd5 exd5 7.d4 Be7 8.Nc3 O-O
9.dxc5 Bxc5 10.Bg5 d4 11.Bxf6 Qxf6 12.Nd5 Qd8 13.Nd2 Be6 14.Nf4 Bf5 15.a3 Qd7
16.Qb3 Rfe8 17.Rfe1 Rad8 18.Rac1 Bb6 19.Nc4 Na5 20.Nxa5 Bxa5 21.Red1 Bb6
22.Qc4 Be4 23.Bxe4 Rxe4 24.Rc2 g6 25.Qd3 Qe7 26.Rdc1 Re5 27.Qf3 Kg7 28.h4 h5
29.Rc8 Rxc8 30.Rxc8 Rb5 31.Rc2 Qd7 32.Nd3 Qe7 33.Nf4 Qd7 34.Qe4 Qg4 35.Qe8 d3
36.Nxd3 Qxg3+ 37.Kf1 Rf5 38.Rc8 Rxf2+ 39.Ke1 Rf3+ 40.Kd2 Rxd3+ 41.exd3 Qf2+
42.Kd1 Kf6 43.Rc4 Be3 44.Qh8+ Kf5 45.Qc8+ Kf6 46.Qh8+  1/2-1/2

[Event "MK Cafe Cup-A"]
[Site "Koszalin"]
[Date "1999.08.11"]
[Round "8"]
[White "Markowski, Tomasz"]
[Black "Filippov, Valerij"]
[Result "1-0"]
[WhiteElo "2557"]
[BlackElo "2605"]

1.g3 d5 2.Nf3 Nf6 3.Bg2 e6 4.c4 Be7 5.d4 O-O 6.Nc3 c6 7.O-O Nbd7 8.Qb3 b6
9.Bf4 Ba6 10.cxd5 cxd5 11.Nb5 Bxb5 12.Qxb5 a6 13.Qc6 Rc8 14.Qa4 Ra8 15.Qc6 Rc8
16.Qa4 Ra8 17.Rfc1 b5 18.Qc2 Rc8 19.Bc7 Qe8 20.Qd2 Nb8 21.Ne5 Nfd7 22.e4 Nxe5
23.dxe5 d4 24.Qxd4 Nc6 25.Qb6 Nb4 26.Bf1 Bd8 27.a3 Rxc7 28.Rxc7 Bxc7 29.Qxc7 Nc6
30.Rc1 Nd4 31.Qd6 Qd8 32.Kg2 f6 33.Qxd8 Rxd8 34.exf6 gxf6 35.Rc7 e5 36.Rb7 Rd6
37.Bd3 Kh8 38.Bb1 Nb3 39.Ba2 Nd2 40.Bd5 Nc4 41.Rb8+ Kg7 42.Rg8+ Kh6 43.b3 Nxa3
44.h4 Nc2 45.g4 Nd4 46.Bf7 Ne6 47.Kg3 a5 48.f3 a4 49.bxa4 bxa4 50.Bxe6 Rxe6
51.Ra8 Kg6 52.Rxa4 h5 53.Ra8 Rb6 54.gxh5+ Kxh5 55.Rh8+ Kg6 56.Kg4 f5+ 57.exf5+ Kg7
58.Re8 Rb4+ 59.Kg5 Rf4 60.f6+ Kf7 61.Re7+ Kf8 62.h5 Rxf3 63.h6 Kg8 64.Rg7+  1-0

[Event "MK Cafe Cup-A"]
[Site "Koszalin"]
[Date "1999.08.11"]
[Round "8"]
[White "Romanishin, Oleg M"]
[Black "Sulskis, Sarunas"]
[Result "1-0"]
[WhiteElo "2567"]
[BlackElo "2521"]

1.Nf3 d5 2.g3 c6 3.Bg2 Bg4 4.c4 Bxf3 5.Bxf3 Nf6 6.O-O d4 7.e4 e5 8.d3 a5
9.Bg2 h5 10.Bg5 Be7 11.Nd2 Nfd7 12.Bxe7 Qxe7 13.h4 g6 14.Nf3 Na6 15.Bh3 Nac5
16.Qd2 Kf8 17.Ne1 Kg7 18.Ng2 Rhb8 19.f4 b5 20.Rac1 bxc4 21.Rxc4 Rb4 22.Rc2 Rab8
23.f5 R4b5 24.Ne1 Qd6 25.Nf3 Nf6 26.fxg6 fxg6 27.Ng5 Re8 28.Qd1 Rb7 29.Rcf2 Rf8
30.Qc2 Re7 31.Qc4 a4 32.Rc2 Nfd7 33.Rxf8 Kxf8 34.Bxd7 Nxd7 35.Qxa4 c5 36.b4 Kg7
37.bxc5 Nxc5 38.Qb5 Nd7 39.Rc6 Qa3 40.Qb3 Qa5 41.Rc1 Qd2 42.Rf1 Nf6 43.Ne6+ Kf7
44.Ng5+ Kg7 45.Qa3 Ng8 46.Rf2 Qc3 47.Qxc3 dxc3 48.Rc2 Nf6 49.Rxc3 Kh6 50.Rc6 Ng4
51.Rc8 Nf6 52.Rc6 Ng4 53.Rc8 Nf6 54.Kf1  1-0

[Event "MK Cafe Cup-B"]
[Site "Koszalin"]
[Date "1999.08.11"]
[Round "8"]
[White "Khasin, Alexander"]
[Black "Galkin, Alexander"]
[Result "1/2-1/2"]
[WhiteElo "2511"]
[BlackElo "2535"]

1.Nf3 d5 2.g3 g6 3.d4 Nf6 4.Bg2 Bg7 5.c4 c6 6.cxd5 cxd5 7.O-O O-O 8.Ne5 Ng4
9.Nxg4 Bxg4 10.Nc3 Nc6 11.h3 Bd7 12.e3  1/2-1/2

[Event "Baunatal op 5th"]
[Site "Baunatal"]
[Date "1999.08.12"]
[Round "1"]
[White "Kaid, Almar"]
[Black "Mueller, Joachim"]
[Result "1-0"]
[WhiteElo "2257"]
[BlackElo "1770"]

1.Nf3 d5 2.g3 c5 3.Bg2 Nc6 4.d4 e6 5.O-O Nf6 6.c4 Be7 7.cxd5 Nxd5 8.dxc5 Bxc5
9.a3 O-O 10.Qc2 Bb6 11.Rd1 Qc7 12.e4 Nf6 13.Nc3 Ng4 14.Bf4 Bxf2+ 15.Qxf2 Nxf2
16.Bxc7 Nxd1 17.Rxd1 f6 18.Nd4 Nxd4 19.Rxd4 e5 20.Rd2 Be6 21.Nd5 Rf7 22.Ba5 b6
23.Bb4 Rd7 24.Bf1 Bxd5 25.exd5 a5 26.Bh3 Rda7 27.Be6+ Kh8 28.Bd6 Rd8 29.Rc2  1-0

[Event "Baunatal op 5th"]
[Site "Baunatal"]
[Date "1999.08.13"]
[Round "3"]
[White "Schnegelsberg, Karl Heinz"]
[Black "Mueller, Joachim"]
[Result "1/2-1/2"]
[WhiteElo "2124"]
[BlackElo "1770"]

1.Nf3 d5 2.g3 c5 3.Bg2 Nc6 4.d4 e6 5.O-O Nf6 6.c4 dxc4 7.Qa4 Bd7 8.Qxc4 b5
9.Qd3 Qb6 10.Nc3 Nb4 11.Qd1 Rd8 12.a3 Nc6 13.dxc5 Bxc5 14.b4 Be7 15.Be3 Qb8
16.Nd4 Nxd4 17.Qxd4 a6 18.Bf4 Qc8 19.Rac1 Bc6 20.Nxb5 Rxd4 21.Nxd4 Nd5 22.Rxc6 Qa8
23.Rfc1 O-O 24.Rc7 Bf6 25.R1c4 h6 26.Nb3 Qd8 27.Rc8 Qxc8 28.Rxc8 Rxc8 29.Nc5 Nxf4
30.gxf4 a5 31.Bf3 axb4 32.axb4 Be7 33.Nd3 Rb8 34.Kg2 Bxb4 35.h4 Bd6 36.Kh3 Rb3
37.Kg4 f5+ 38.Kh3 Kf7 39.Kg2 Kf6 40.Kh3 g5 41.hxg5+ hxg5 42.fxg5+ Kxg5 43.Kg2 e5
44.Bd5 Rb1 45.f3 Kf6 46.Ba2 Rb7 47.Bd5 Rg7+ 48.Kf1 Bc7 49.Nf2 Bb6 50.e4 Bd4
51.exf5 Kxf5 52.Nh3 Rc7 53.Be4+ Kf6 54.Nf2 Kg5 55.Nd3 Kh4 56.Ke2 Rc2+ 57.Kd1 Ra2
58.Nc1 Ra1 59.Kc2 Kg3 60.Ne2+ Kf2 61.Nxd4 exd4 62.Kd2 Kg3 63.Kd3 Ra4 64.Bd5 Kf4
65.Bc4 Ke5 66.f4+  1/2-1/2

[Event "Baunatal op 5th"]
[Site "Baunatal"]
[Date "1999.08.13"]
[Round "3"]
[White "Kaid, Almar"]
[Black "Meins, Gerlef"]
[Result "1/2-1/2"]
[WhiteElo "2257"]
[BlackElo "2421"]

1.Nf3 d5 2.g3 c6 3.Bg2 Bg4 4.O-O Nd7 5.d4 e6 6.Nbd2 Ngf6 7.Re1 Be7 8.e4 dxe4
9.Nxe4 Nxe4 10.Rxe4 Nf6 11.Re1 O-O 12.c3 Qb6 13.Qb3 Qxb3 14.axb3 Bxf3 15.Bxf3 Rfd8
16.Bg5 Nd5 17.Bxd5 Bxg5 18.Bf3 Be7 19.b4 a6 20.h4 g6 21.Kg2 h5 22.Re2 Rd7
23.Be4 Rad8 24.Bc2 Bf6 25.Rae1 Kg7  1/2-1/2

[Event "MK Cafe Cup-A"]
[Site "Koszalin"]
[Date "1999.08.13"]
[Round "10"]
[White "Markowski, Tomasz"]
[Black "Kruppa, Yuri"]
[Result "1/2-1/2"]
[WhiteElo "2557"]
[BlackElo "2603"]

1.g3 d5 2.Nf3 g6 3.c4 dxc4 4.Qa4+ Nc6 5.Bg2 Bg7 6.O-O e5 7.Nxe5 Bxe5 8.Bxc6+ bxc6
9.Qxc6+ Bd7 10.Qe4 f6 11.f4 Bf5 12.Qc6+ Bd7 13.Qe4 Bf5 14.Qc6+  1/2-1/2

[Event "MK Cafe Cup-A"]
[Site "Koszalin"]
[Date "1999.08.13"]
[Round "10"]
[White "Romanishin, Oleg M"]
[Black "Shabalov, Alexander"]
[Result "1/2-1/2"]
[WhiteElo "2567"]
[BlackElo "2566"]

1.Nf3 d5 2.g3 g6 3.Bg2 Bg7 4.d4 e6 5.O-O Ne7 6.Nc3 Nbc6 7.Bf4 Nf5 8.e4 Nfxd4
9.exd5 Nxf3+ 10.Bxf3 Nd4 11.Bg2 O-O 12.Re1 c5 13.dxc6 bxc6 14.Ne2 Nxe2+ 15.Qxe2 Qb6
16.Be5 Ba6 17.Qe3 Bxe5 18.Qxe5 Bc4 19.h4 Rad8 20.Rad1 Rxd1 21.Rxd1 Rd8 22.Rxd8+ Qxd8
23.Qc5 Qd1+ 24.Kh2 Qxc2 25.Qxc6 Qe2 26.Qa8+ Kg7 27.b3 Bd5 28.Qxa7 g5 29.Qd4+ Kg8
30.hxg5 Qxa2 31.b4 Bc4 32.Bc6 Qe2 33.Qd8+ Kg7 34.Qf6+ Kg8 35.Qd8+ Kg7 36.Qd4+ Kg8
37.Bg2 e5 38.Qd8+ Kg7 39.Qf6+ Kg8 40.Qd8+ Kg7 41.Qf6+ Kg8 42.Qf3 Qb2 43.Qa8+ Kg7
44.Qe4 Qc3 45.Bf3 Kg8 46.Bg2 Kg7 47.f4 exf4 48.gxf4 h6 49.Qf5 hxg5 50.Qxg5+ Kf8
51.Qd8+ Kg7 52.Qg5+ Kf8 53.Qc5+ Kg8 54.Qc8+ Kg7 55.Qd8 Qb3 56.Qg5+ Kf8 57.Qd8+ Kg7
58.Qd4+ Kg8 59.Qd8+ Kg7  1/2-1/2

[Event "Baunatal op 5th"]
[Site "Baunatal"]
[Date "1999.08.14"]
[Round "4"]
[White "Gasthofer, Alexander"]
[Black "Stark, Heinrich"]
[Result "1-0"]
[WhiteElo "2196"]
[BlackElo "1627"]

1.Nf3 d5 2.g3 Nf6 3.Bg2 Bf5 4.c4 e6 5.Qb3 Qc8 6.O-O c6 7.Nc3 Bd6 8.d3 Nbd7
9.Re1 O-O 10.e4 dxe4 11.dxe4 Bg4 12.e5 Bxf3 13.exf6 Bxg2 14.fxg7 Kxg7 15.Kxg2 Qc7
16.Ne4 Nc5 17.Nxc5 Bxc5 18.Qc3+ f6 19.Rxe6 Rae8 20.Bh6+ Kxh6 21.Rxf6+ Kh5
22.Qf3+  1-0

[Event "Baunatal op 5th"]
[Site "Baunatal"]
[Date "1999.08.14"]
[Round "6"]
[White "Gasthofer, Alexander"]
[Black "Pottberg, Uwe"]
[Result "1-0"]
[WhiteElo "2196"]
[BlackElo "1813"]

1.Nf3 d5 2.g3 e6 3.Bg2 f5 4.O-O Nf6 5.d4 Be7 6.c4 O-O 7.b3 c6 8.Nc3 h6 9.Ne5 Qe8
10.e3 Nbd7 11.f4 Bb4 12.Bd2 Nxe5 13.fxe5 Bxc3 14.Bxc3 Nh7 15.Bb4 Rf7 16.g4 Qd8
17.gxf5 Qg5 18.Qd3 dxc4 19.bxc4 Rxf5 20.Rxf5 exf5 21.d5 Bd7 22.e6 Be8 23.Rf1 Nf6
24.d6 Rd8 25.d7 Nxd7 26.exd7 Rxd7 27.Qxf5 Qxe3+ 28.Qf2 Qxf2+ 29.Rxf2 Bf7
30.Rd2 Rxd2 31.Bxd2 Bxc4 32.a3 Bd3 33.Be3 a5 34.Bb6 a4 35.Kf2 Kf7 36.Ke3 Bf5
37.Kd4 g5 38.Bf3 Ke6 39.Bd1 g4 40.Bxa4 h5 41.Bd8 Kd6 42.Bb3 Bg6 43.Bh4 b5
44.Bg3+ Kd7 45.Kc5 Be8 46.Bc2 Kc8 47.Kb6  1-0

[Event "Petermaennchen GM"]
[Site "Schwerin"]
[Date "1999.08.14"]
[Round "8"]
[White "Petrosian, Arshak B"]
[Black "Ellers, Holger"]
[Result "1/2-1/2"]
[WhiteElo "2514"]
[BlackElo "2426"]

1.Nf3 d5 2.g3 Nf6 3.Bg2 c6 4.O-O Bg4 5.d3 Nbd7 6.Qe1 e5 7.e4 dxe4 8.dxe4 Be7
9.Nbd2 O-O 10.h3 Bh5 11.Nc4 Qc7 12.a4 Rfd8 13.Nh4 Ne8 14.Nf5 Bf8 15.g4 Bg6
16.f4 b5 17.Nxe5 Nxe5 18.fxe5 Qxe5 19.c3 Nc7 20.Bf4 Qc5+ 21.Be3 Qc4 22.axb5 Qxb5
23.b4 Qc4 24.Bxa7  1/2-1/2

[Event "Vlissingen HZ op"]
[Site "Vlissingen"]
[Date "1999.08.14"]
[Round "6"]
[White "Ragozin, Evgeni"]
[Black "Savchenko, Stanislav"]
[Result "0-1"]
[WhiteElo "2485"]
[BlackElo "2583"]

1.Nf3 d5 2.g3 c6 3.h3 g6 4.Bg2 Bg7 5.O-O e5 6.d3 Ne7 7.e4 O-O 8.Nbd2 h6 9.a4 Be6
10.Re1 Nd7 11.Nf1 f5 12.exf5 Nxf5 13.N1h2 Qc7 14.Bd2 Rae8 15.Ng4 Bf7 16.c3 g5
17.b4 Bg6 18.Rc1 Kh8 19.a5 Nd6 20.Be3 b6 21.axb6 axb6 22.Ra1 Nb5 23.Rc1 d4
24.cxd4 exd4 25.Bd2 Nc3 26.Bxc3 dxc3 27.Rxe8 Rxe8 28.d4 c2 29.Rxc2 Bxc2 30.Qxc2 Qd6
31.Ne3 Qe6 32.Nf5 Qe4 33.Qxe4 Rxe4 34.Kf1 Re6 35.Ne1 Nb8 36.Nc2 Na6 37.Nxg7 Kxg7
38.Bf3 Kf6 39.Be2 Nc7 40.Bc4 Re8 41.Ne3 b5 42.Be2 Rd8 43.Ng4+ Ke6 44.Ne5 Rd6
45.Bf3 Rxd4 46.Nxc6 Rc4 47.Ke1 Na6 48.Bg4+ Kd6 49.Nd8 Ke7 50.Nb7 Nxb4 51.Be2 Rc7
52.Na5 Nc2+ 53.Kd2 Nd4  0-1

[Event "Baunatal op 5th"]
[Site "Baunatal"]
[Date "1999.08.15"]
[Round "7"]
[White "Schnegelsberg, Karl Heinz"]
[Black "Schildheuer, Kai"]
[Result "1-0"]
[WhiteElo "2124"]
[BlackElo "1799"]

1.Nf3 d5 2.g3 Nf6 3.Bg2 e6 4.O-O Be7 5.d3 O-O 6.Nbd2 c5 7.e4 Nc6 8.Re1 Qc7
9.Qe2 dxe4 10.dxe4 e5 11.c3 Rb8 12.Nc4 Bg4 13.Ne3 Be6 14.Ng5 Qc8 15.Nxe6 Qxe6
16.Nd5 Bd6 17.Bg5 Nd7 18.Rad1 f6 19.Bc1 Rfd8 20.Qh5 Nf8 21.Bh3 Qf7 22.Qg4 Kh8
23.Rd3 c4 24.Rf3 Ne7 25.Bg5 h5 26.Rxf6 hxg4 27.Rxf7 Kg8 28.Bxe7 Kxf7 29.Bxd8 gxh3
30.Bg5 Ne6 31.Be3 b5 32.a3 Bc5 33.f4 Bxe3+ 34.Rxe3 exf4 35.gxf4 Rd8 36.Kf2 Rh8
37.f5 Nc5 38.Nf4 Rh4 39.Kg3 Rh6 40.e5  1-0

[Event "Ikaros op"]
[Site "Ikaros"]
[Date "1999.08.15"]
[Round "2"]
[White "Georgiev, Krum"]
[Black "Lekic, Dusan"]
[Result "1-0"]
[WhiteElo "2505"]
[BlackElo "2381"]

1.Nf3 d5 2.g3 Nf6 3.Bg2 Bg4 4.c4 c6 5.Qb3 Qb6 6.Ne5 Be6 7.Nc3 dxc4 8.Nxc4 Qa6
9.d3 Nbd7 10.Qa4 Qxa4 11.Nxa4 b5 12.Bxc6 Bd5 13.Bxa8 Bxa8 14.O-O bxa4 15.Be3 e6
16.Rfc1 Bb4 17.Nd6+ Bxd6 18.Rc8+ Ke7 19.Rxh8 Nf8 20.Rc1 N6d7 21.Rc4 a3 22.bxa3 a6
23.Bd2 Bd5 24.Ra4 Bb7 25.Bb4 f6 26.Rg8 Kf7 27.Rxg7+ Kxg7 28.Bxd6 e5 29.Bxf8+ Kxf8
30.Rc4 Bd5 31.Rc7 Ke7 32.Ra7 h5 33.Rxa6 Bxa2 34.a4  1-0

[Event "Mipap Cup"]
[Site "Olomouc"]
[Date "1999.08.15"]
[Round "10"]
[White "Tibensky, Robert"]
[Black "Sitnik, Igor"]
[Result "1-0"]
[WhiteElo "2432"]
[BlackElo "2332"]

1.Nf3 d5 2.g3 Nf6 3.Bg2 e6 4.O-O c5 5.d3 Be7 6.Nbd2 O-O 7.e4 Nc6 8.Re1 Qc7
9.e5 Nd7 10.Qe2 b5 11.Nf1 d4 12.h4 Bb7 13.N1h2 Rfd8 14.Ng4 Nb4 15.a3 Nd5
16.Bg5 Nf8 17.Nd2 h5 18.Bxe7 Qxe7 19.Nh2 g6 20.Ne4 Rab8 21.Nf3 Nd7 22.Qd2 N5b6
23.Bh3 Qf8 24.g4 hxg4 25.Bxg4 Qg7 26.Qg5 Bxe4 27.Rxe4 Kf8 28.Kh1 Nd5 29.Rg1 Ne7
30.h5 Qh7 31.Nh4 Nf5 32.Bh3 Qxh5 33.Qxh5 gxh5 34.Bxf5 exf5 35.Nxf5 Rb6 36.Rg5 Ke8
37.Rxh5 Nf8 38.Nd6+ Ke7 39.Rf4 b4 40.Rxf7+ Ke6 41.Rh6+ Kd5 42.Rh8 bxa3 43.bxa3 Ne6
44.Rxd8 Nxd8 45.Rd7 Rb8 46.Nc4+ Ke6 47.Rd6+ Ke7 48.f4 Ne6 49.f5 Nf4 50.Rh6 Rb1+
51.Kh2 Rc1 52.Kg3 Ne2+ 53.Kg4 Rxc2 54.Rh7+ Kf8 55.e6  1-0

[Event "CRA-ch"]
[Site "Antiguo"]
[Date "1999.08.16"]
[Round "13"]
[White "Jimenez, Juan Leon"]
[Black "Sieiro Gonzalez, Luis"]
[Result "1/2-1/2"]
[WhiteElo "2252"]
[BlackElo "2402"]

1.Nf3 d5 2.g3 g6 3.Bg2 Bg7 4.d4 e6 5.c4 Ne7 6.O-O O-O 7.Nbd2 Nbc6 8.e3 a5
9.b3 e5 10.Bb2 exd4 11.Nxd4 Nxd4 12.Bxd4 Bxd4 13.exd4 dxc4 14.Nxc4 c6 15.Qd2 Be6
16.Rac1 Bd5 17.Bh3 a4 18.b4 Bxc4 19.Rxc4 Qd6 20.Re1 Nd5 21.b5 cxb5 22.Rc5 b4
23.Bg2 Nc7 24.Bxb7 Rab8 25.Bg2 Rfd8 26.Rc6 Qd7 27.Rc4 b3 28.axb3 axb3 29.Rb4 Nd5
30.Rxb8 Rxb8 31.Rb1 Qf5 32.Rb2 Nf6 33.h3 h5 34.Kh2 Ne4 35.Bxe4 Qxe4 36.Qe3 Qb7
37.h4 Kh7 38.Qc3 Qb5 39.Qe3 Qc4 40.Kg2 Rb5 41.Qf3 Kg7 42.Qe3 Kh7 43.Qf3 Kg7
44.Qe3 Kg8 45.Qe8+ Kh7 46.Qe3 Kg7 47.Qf3  1/2-1/2

[Event "FRA-ch G1"]
[Site "Bescanon"]
[Date "1999.08.16"]
[Round "1"]
[White "Anic, Darko"]
[Black "Marciano, David"]
[Result "1-0"]
[WhiteElo "2467"]
[BlackElo "2529"]

1.Nf3 d5 2.g3 Bg4 3.c4 e6 4.Bg2 Nd7 5.b3 Bd6 6.Bb2 Ngf6 7.d3 O-O 8.O-O Qe7
9.Nbd2 c6 10.Qc2 e5 11.h3 Bh5 12.e4 dxe4 13.dxe4 Bxf3 14.Nxf3 Ba3 15.Bc3 Bb4
16.Nh4 Bxc3 17.Qxc3 a5 18.Nf5 Qb4 19.Qe3 g6 20.Qg5 Kh8 21.Nh6 Rae8 22.Rad1 Qe7
23.f4 Nh5 24.Kh2 Ng7 25.Qxe7 Rxe7 26.f5 Nh5 27.Rd6 Kg7 28.Ng4 Nhf6 29.Rfd1 Rfe8
30.Bf3 h5 31.Nxf6 Nxf6 32.g4 hxg4 33.hxg4 g5 34.Rxf6 Kxf6 35.Rd6+ Re6 36.fxe6 Rxe6
37.Rd7 Re7 38.Rd8 c5 39.Kg3 Ke6 40.Kf2 Rd7 41.Rxd7 Kxd7 42.Ke3 Kc6 43.Kd2 b6
44.Kc3 Kb7 45.Kb2 Kc7 46.Ka3 Kd6 47.Ka4 Kc6 48.Be2 f6 49.Bf3 Kb7 50.Kb5 Kc7
51.Ka6 Kc6 52.Be2 Kc7 53.Ka7 Kc6 54.Kb8  1-0

[Event "Polanica Zdroj op"]
[Site "Polanica Zdroj"]
[Date "1999.08.17"]
[Round "1"]
[White "Gelman, Alexander"]
[Black "Kludacz, Magdalena"]
[Result "1-0"]
[WhiteElo "2469"]
[BlackElo "2217"]

1.g3 d5 2.Nf3 c6 3.Bg2 Nf6 4.O-O Bf5 5.c4 e6 6.b3 h6 7.Bb2 Be7 8.d3 O-O 9.Nbd2 Nbd7
10.a3 a5 11.Qc2 Bh7 12.Bc3 b5 13.cxb5 cxb5 14.b4 Qc7 15.Qb2 Nb6 16.Be5 Qb7
17.Nb3 axb4 18.axb4 Na4 19.Qd4 Rfc8 20.Rfc1 Ne8 21.Bh3 Rxc1+ 22.Rxc1 Ra6
23.Qf4 Rc6 24.Na5 Rxc1+ 25.Qxc1 Qa6 26.Nc6 Bf8 27.Nfd4 Nd6 28.Nxe6 fxe6 29.Bxe6+ Nf7
30.Nd8 Bg6 31.Qc7 Kh7 32.Bxf7 Qb6 33.Bxg6+ Qxg6 34.Qd7 Bxb4 35.Qxb5 Be7 36.Nc6 Qe6
37.Qxa4  1-0

[Event "FRA-ch qual"]
[Site "Bescanon"]
[Date "1999.08.18"]
[Round "1"]
[White "Mory, Eric"]
[Black "Carton, Camille"]
[Result "1/2-1/2"]
[WhiteElo "2108"]
[BlackElo "2243"]

1.Nf3 d5 2.g3 Nf6 3.Bg2 c6 4.d3 Nbd7 5.Nbd2 e5 6.e4 dxe4 7.dxe4 Be7 8.O-O O-O
9.Qe2 Qc7 10.Nc4 b5 11.Ne3 Nxe4 12.a4 Nd6 13.axb5 Nxb5 14.Nf5 Bf6 15.Rd1 Nc5
16.N3h4 Bxh4 17.Nxh4 Nd4 18.Qc4 Nb7 19.Be3 Be6 20.Qd3 Rfd8 21.Bxd4 Rxd4 22.Qa6 Rxd1+
23.Rxd1 Nd8 24.b3 Qb6 25.Qe2 f6 26.Be4 Nf7 27.Bf5 Bxf5 28.Nxf5 Rd8 29.Ra1 Nd6
30.Ne7+ Kf8 31.Ra6 Qb7 32.Nxc6 Rc8 33.Nxa7  1/2-1/2

[Event "Rubinstein Mem 36th"]
[Site "Polanica Zdroj"]
[Date "1999.08.18"]
[Round "2"]
[White "Markowski, Tomasz"]
[Black "Onischuk, Alexander"]
[Result "0-1"]
[WhiteElo "2557"]
[BlackElo "2657"]

1.Nf3 d5 2.g3 Nf6 3.Bg2 e6 4.c4 Be7 5.d4 O-O 6.Nc3 dxc4 7.Ne5 Nc6 8.Bxc6 bxc6
9.Nxc6 Qe8 10.Nxe7+ Qxe7 11.Qa4 c5 12.Qxc4 cxd4 13.Qxd4 e5 14.Qh4 Rb8 15.O-O Rb4
16.e4 h6 17.Re1 Rd8 18.f3 Rd3 19.Kg2 Qb7 20.Re2 Bg4 21.fxg4 Nxe4 22.Rxe4 Rxe4
23.Kh3 Re1 24.Bxh6 Rxa1 25.Qg5 f6 26.Qg6 Rxc3  0-1

[Event "ESP-ch"]
[Site "Palencia"]
[Date "1999.08.20"]
[Round "2"]
[White "Teran Alvarez, Ismael"]
[Black "Garcia Vicente, Nieves"]
[Result "1/2-1/2"]
[WhiteElo "2419"]
[BlackElo "2234"]

1.Nf3 d5 2.g3 c5 3.Bg2 Nc6 4.O-O Nf6 5.d3 e6 6.Nbd2 Be7 7.e4 Qc7 8.Re1 b6
9.c3 Ba6 10.exd5 Nxd5 11.Ne5 Bb7 12.Ndc4 Nxe5 13.Nxe5 O-O 14.Qa4 Bd6 15.Nc4 Be7
16.Ne5 Bd6 17.Qe4 Rab8 18.Qe2 Bxe5 19.Qxe5 Qxe5 20.Rxe5 Nf6 21.Bf1  1/2-1/2

[Event "Polanica Zdroj op"]
[Site "Polanica Zdroj"]
[Date "1999.08.20"]
[Round "4"]
[White "Ibrahimov, Rasul"]
[Black "Walisiak, Roman"]
[Result "1-0"]
[WhiteElo "2396"]
[BlackElo "2022"]

1.Nf3 d5 2.g3 Nf6 3.Bg2 c6 4.c4 e6 5.b3 Nbd7 6.O-O Be7 7.Bb2 O-O 8.d3 b6
9.e4 Bb7 10.Qe2 dxe4 11.dxe4 Qc7 12.e5 Ne8 13.Nc3 Rd8 14.Rad1 g6 15.Ne4 c5
16.Rd3 Bc6 17.Rfd1 Qb7 18.Ne1 b5 19.cxb5 Qxb5 20.Nc3  1-0